Представление документа в формате MARC21

Поле Инд. ПП Название Значение
Тип записи a
Библиографический уровень m
001 Контрольный номер RU\CSU\BOOKS\2268
005 Дата корректировки 20150513113636.4
008 Кодируемые данные 090402s2007 RU a j 000 0 rus u
020 a ISBN 978-5-7695-4165-0
a ISBN 978-5-7695-4167-4 (т. 3)
040 d Организация, изменившая запись 45413096
a Служба первич. каталог. НБ ТвГУ
041 a Код языка текста rus
h Код языка оригинала rus
044 a Код страны публикации RU
080 a Индекс УДК 616-092(075.8)
084 a Индекс другой классификации/Индекс ББК Р252я73-1
090 a Полочн. индекс Р252
x Авторский знак П 20
245 a Заглавие Патофизиология
b Продолж. заглавия учебник для студентов, обучающихся по специальностям: 060101 (040100) "Лечебное дело", 060103 (040200) "Педиатрия", 060104 (040300) "Медико-профилактическое дело", 060105 (040400) "Стоматология", 060109 (040600) "Сестринское дело", 060112 (040800) "Медицинская биохимия", 060113 (040900) "Медицинская биофизика), 060114 (041000) "Медицинская кибернетика" : в 3 т.
c Ответственность под ред. А. И. Воложина, Г. В. Порядина
n Номер части/ раздела Т. 3
250 a Основные сведения об издании 2-е изд., стер.
260 a Место издания Москва
b Издательство Academia
c Дата издания 2007
300 a Объем 301, [1] с.
b Иллюстрации/ тип воспроизводства ил., табл.
440 a Серия Высшее профессиональное образование
440 _0 a Серия Медицина
500 a Примечание Авт. указаны на обороте тит. л.
504 a Библиография Библиогр.: с. 299-300
520 a Аннотация В учебнике на современном уровне излагаются основные разделы дисциплины: общее учение о болезни, типовые патологические процессы и патофизиология органов и систем.
В 3-м томе учебника рассмотрены вопросы патофизиологии системы крови, внешнего дыхания, пищеварения, почек, экстремальных и терминальных состояний, а также типовые формы нарушения гомеостаза. Особое внимание уделено патофизиологии сердечно-сосудистой системы и патологии пародонта. Для студентов медицинских вузов.
653 a Ключевые слова Внешнее дыхание
a Ключевые слова Гомеостаз
a Ключевые слова Кровь
a Ключевые слова Общая патология
a Ключевые слова Пародонт
a Ключевые слова Патологическая физиология
a Ключевые слова Патология
a Ключевые слова Патофизиология
a Ключевые слова Пищеварение
a Ключевые слова Почки
a Ключевые слова Сердечно-сосудистая система
a Ключевые слова Терминальные состосния
a Ключевые слова Учебники для вузов
a Ключевые слова Экстремальные состояния
700 1_ a Другие авторы Войнов Владимир Антипович
q Полное имя Войнов, В. А.
700 1_ a Другие авторы Богуш Н. Л.
700 1_ a Другие авторы Воложин Александр Ильич
q Полное имя Воложин, А. И.
700 1_ a Другие авторы Порядин Геннадий Васильевич
q Полное имя Порядин, Г. В.
910 a гриф есть**
920 a Оператор Стру
930 a Новая/Ретро учебники
952 c Вид литературы К ру
954 a Дата поступления на обработку 20100325